COLLEGE CHEMISTRY AN INTRODUCTORY TEXTBOOK OF GENERAL CHEMISTRY (Record no. 583006)

000 -LEADER
fixed length control field 00285nam a22001097a 4500
082 ## - DEWEY DECIMAL CLASSIFICATION NUMBER
Classification number 540 PAU'C
100 ## - MAIN ENTRY--PERSONAL NAME
Personal name PAULING, LINUS
9 (RLIN) 39770
245 ## - TITLE STATEMENT
Title COLLEGE CHEMISTRY AN INTRODUCTORY TEXTBOOK OF GENERAL CHEMISTRY
260 ## - PUBLICATION, DISTRIBUTION, ETC.
Place of publication, distribution, etc. LONDON
Name of publisher, distributor, etc. W. H. FREEMAN
Date of publication, distribution, etc. 1964
300 ## - PHYSICAL DESCRIPTION
Extent 832P
942 ## - ADDED ENTRY ELEMENTS (KOHA)
Koha item type Book
Holdings
Withdrawn status Lost status Damaged status Not for loan Permanent Location Current Location Shelving location Date acquired Total Checkouts Full call number Barcode Date last seen Price effective from Koha item type
        College of Electrical & Mechanical Engineering (CEME) College of Electrical & Mechanical Engineering (CEME) General Stacks 06/12/2017   540 PAU'C CEME-8969 06/28/2021 06/28/2021 Book
© 2023 Central Library, National University of Sciences and Technology. All Rights Reserved.